000 00640cam a22002172a 4500
001 018257
003 AR-FADEU
008 311216n1997####xxu####################dd
020 _a950-21-1310-1
092 _a808.823
_bF862
100 _aFreire, Héctor J.
245 _aLiteratura y cine : (uso del vídeo en el aula)
260 _aBuenos Aires
260 _bPlus Ultra
260 _c1997
300 _a94 p
500 _aIncluye bibliografía
700 _aMaximiliano, González
650 _aGUION CINEMATOGRAFICO; DISCURSO LITERARIO; BORGES, JORGE LUIS-CINE; CORTAZAR, JULIO-CINE; DISCURSO CINEMATOGRAFICO
942 _cBDGR
999 _c23996
_d23996